CS2 Teams #2 - Statistiken

Allgemein
  • Dieses Quiz wurde 88 mal gespielt
  • Das Durchschnittsergebnis liegt bei 13 aus 16
Antwortstatistiken
Bildquiz Antwort % Korrekt
Natus Vincere
99%
BIG
97%
Cloud9
97%
OG
95%
Team Liquid
95%
MOUZ
92%
TYLOO
92%
FURIA Esports
90%
Virtus.pro
88%
Team Spirit
81%
The MongolZ
77%
BetBoom Team
74%
Complexity Gaming
74%
Bad News Eagles
55%
Grayhound Gaming
53%
FORZE Esports
42%
Keine übereinstimmenden Quizze gefunden
Verteilung der Resultate
Anzahl Personen mit jedem Resultat
Perzentil nach korrekt beantworteten Fragen
Ihre Resultats-Entwicklung
Sie haben dieses Quiz noch nicht gespielt